• 首页
  • 本馆介绍
  • 公告通知
  • 最新文献
  • 馆藏检索
  • 电子资源
  • 读者导购
  • 参考咨询
  • 我的图书馆
  • 登录
  • 详细信息显示
  • 放入我的书架
  • 预约/预借图书
  • 作者相关作品
  • 分类相关作品
  • 丛书相关作品
  • 出版社相关作品

书目信息

  • 表格格式
  • 工作单格式
  • 卡片格式
题名:
编排设计
    
 
作者: 朱国勤 , 罗盛 编著
分册:  
出版信息: 上海   上海人民美术出版社  2004
页数: 135页
开本: 26cm
丛书名:
单 册:
中图分类: J506
科图分类:
主题词: 平面设计 , 工艺美术--艺术理论 , 平面设计--高等学校--教材
电子资源:
ISBN: 7-5322-4115-7
000 00876nam0 2200277 450
001 002855983
005 20061207144005.21
010    @a7-5322-4115-7@dCNY38.00
100    @a20050411d2004 em y0chiy0110 ea
101 0  @achi
102    @aCN@b310000
105    @aa z 000yy
200 1  @a编排设计@9bian pai she ji@f朱国勤,罗盛编著
205    @a2版
210    @a上海@c上海人民美术出版社@d2004
215    @a135页@c图@d26cm
300    @a中国高等院校艺术设计专业系列教材
330    @a本书内容包括:编排设计的历史发展与风格变迁、编排设计的基本原理及规律的认识方法与程序、不同编排设计方法的认识与实践等。
606 0  @a平面设计
606 0  @a工艺美术@x艺术理论
606 0  @a平面设计@x高等学校@j教材
690    @aJ506@v4
701  0 @a朱国勤@9zhu guo qin@f(1954.6~)@4编著
701  0 @a罗盛@9luo sheng@4编著
801  0 @aCN@bNLC@c20061207
905    @a10447@dJ506@e166=2
    
    编排设计/朱国勤,罗盛编著.-2版.-上海:上海人民美术出版社,2004
    135页:图;26cm
    中国高等院校艺术设计专业系列教材
    
    ISBN 7-5322-4115-7:CNY38.00
    本书内容包括:编排设计的历史发展与风格变迁、编排设计的基本原理及规律的认识方法与程序、不同编排设计方法的认识与实践等。
●
相关链接 在E读中查询图书 在五车中查询图书 在当当中查询图书 在豆瓣中查询图书


正题名:编排设计     索取号:J506/166=2         预约/预借

序号 登录号 条形码 馆藏地/架位号 状态 备注
1 0394600   203946007   第一样本阅览室/ [索取号:J506/166=2] 在馆    
2 0394601   203946016   第一借阅区/ [索取号:J506/166=2] 在馆    
3 0394602   203946025   第一借阅区/ [索取号:J506/166=2] 在馆    
4 0394603   203946034   第一借阅区/ [索取号:J506/166=2] 在馆    
5 0394604   203946043   第一借阅区/ [索取号:J506/166=2] 在馆    
6 0600757   206007578   第一借阅区/ [索取号:J506/166=2] 在馆    
7 0600758   206007587   第一借阅区/ [索取号:J506/166=2] 在馆    
8 0600759   206007596   第一借阅区/ [索取号:J506/166=2] 在馆    
9 0600760   206007603   第一借阅区/ [索取号:J506/166=2] 在馆    
10 0600761   206007612   第一借阅区/ [索取号:J506/166=2] 在馆    
唐山师范学院图书馆 欢迎您!
大连网信软件有限公司© 版权所有